00318nam a2200109Ia 4500008004100000020001800041040002900059050002300088100002500111245002900136260004300165230107s9999||||xx |||||||||||||| ||und|| a0-393-01307-3 cChuka University Library aHB 97.5bH45 1980  aHeilbroner,Robert .L 0aMarxism:For and againist aW.W Norton and CompanybNew yorkc1980